1478 1942 1522 1219 1509 1353 1181 1016 1764 1476 1322 1854 1370 1922 1946 1217 1016 1232 1650 1736 1785 1925 1457 1748 1700 1904 1615 1330 1484 1294 1225 1854 1670 1780 1537 1479 1605 1288 1344 1282 1260 1065 1944 1860 1648 1858 1665 1114 1797 1655 1409 1656 1537 1075 1980 1925 1543 1115 1386 1914 1129 1907 1482 1130 1915 1613 1919 1336 1212 1336 1769 1432 1250 1799 1524 1671 1484 1448 1598 1245 1363 1836 1127 1738 1584 1531 1334 1665 1512 1221 1175 1690 1469 1626 1716 1580 1731 1361 1588 BCNSPRNW ULIB Ver.6.0+V

เปลี่ยนเป็นภาษาไทย

Change to English
 แสดงรายละเอียดบรรณานุกรม
  กลับหน้าหลัก

Brief Record : Get Marc (ISO 2709) : E-mail record : QR code < ปิดหน้าต่าง
LEADER : 00000nam 2200000uu 4500
001    13399123775
003     ULIB
008    141126s2556||||th 000 0 tha d
020    ^a9786162792731
060 04 ^aWJ300^bบ177บ
100 0  ^aบรรยง ภักดีกิจเจริญ
245 00 ^aโรคทางพันธุศาสตร์ของไตที่พบบ่อย =^b Common Genetic Kidney Diseases./^cโดยบรรยง ภักดีกิจเจริญ
250    ^aพิมพ์ครั้งที่ 1.
260    ^aกรุงเทพฯ :^bโครงการตำรารามาธิบดี คณะแพทย์ศาสตร์โรงพยาบาลรามาธิบดี มหาวิทยาลัยมหิดล,^c2556.
300    ^a308 หน้า :^bภาพประกอบ ;^c27 ซม.
650  4 ^aไต, โรค^xพันธุศาสตร์
650  4 ^aไต, โรค^xการรักษา
650  4 ^aไต, โรค
945    ^p850^l0^i21956
945    ^p850^l0^i21957
945    ^p850^l0^i21958
945    ^p850^l0^i21959
945    ^p850^l0^i21960
999    ^aทศพร เกษรทอง
รายการนี้ยังไม่มีแท็ก
คุณยังไม่ได้ล็อกอิน คุณสามารถมีกิจกรรมร่วมกับเว็บไซต์ได้ แต่ต้องล็อกอินก่อน ::
  ล็อกอิน

รายการสื่อสารสนเทศ

ลำดับที่ ประเภท เลขเรียก/บาร์โค้ด สถานที่ สถานะ
1. วิทยาศาสตร์การแพทย์ และสุขภาพ
หนังสือสำรอง
สถานะ=หนังสือสำรอง
WJ300 บ177บ ฉ.1 
  Barcode: 21956
ห้องสมุดวิทยาเขตนครสวรรค์
►หนังสือทั่วไป:l:General Books
บนชั้น
2. วิทยาศาสตร์การแพทย์ และสุขภาพ
วิทยาศาสตร์การแพทย์ และสุขภาพ
WJ300 บ177บ ฉ.2 
  Barcode: 21957
ห้องสมุดวิทยาเขตนครสวรรค์
►หนังสือทั่วไป:l:General Books
บนชั้น
3. วิทยาศาสตร์การแพทย์ และสุขภาพ
วิทยาศาสตร์การแพทย์ และสุขภาพ
WJ300 บ177บ ฉ.3 
  Barcode: 21958
ห้องสมุดวิทยาเขตนครสวรรค์
►หนังสือทั่วไป:l:General Books
บนชั้น
4. วิทยาศาสตร์การแพทย์ และสุขภาพ
วิทยาศาสตร์การแพทย์ และสุขภาพ
WJ300 บ177บ ฉ.4 
  Barcode: 21959
ห้องสมุดวิทยาเขตนครสวรรค์
►หนังสือทั่วไป:l:General Books
บนชั้น
5. วิทยาศาสตร์การแพทย์ และสุขภาพ
วิทยาศาสตร์การแพทย์ และสุขภาพ
WJ300 บ177บ ฉ.5 
  Barcode: 21960
ห้องสมุดวิทยาเขตนครสวรรค์
►หนังสือทั่วไป:l:General Books
บนชั้น

รายการใกล้เคียง
    ผู้แต่ง [บรรยง ภักดีกิจเจริญ]

    หัวเรื่อง [ไต, โรค]

BibComment


ยังไม่เคยถูกคอมเมนท์

คอมเมนท์ทรัพยากรรายการนี้
  คอมเมนท์: โรคทางพันธุศาสตร..


 Copyright 2026. Bcnsprnw @Library